[Event "Toulouse Lardenne op 3th"]
[Site "Toulouse"]
[Date "2015.05.30"]
[Round "3.9"]
[White "Haanappel, Evert"]
[Black "Boutillon, Nathanael"]
[Result "1-0"]
[WhiteElo "1399"]
[BlackElo "1836"]
[PlyCount "75"]
[EventDate "2015.??.??"]
[EventCountry "FRA"]

1. e4 c5 2. Nf3 d6 3. Bb5+ Bd7 4. Bxd7+ Qxd7 5. O-O Nf6 6. Re1 e6 7. c3 Nc6 8.
d4 cxd4 9. cxd4 d5 10. e5 Ne4 11. Nbd2 Nxd2 12. Bxd2 Be7 13. Rc1 O-O 14. a3
Rac8 15. Rc3 b5 16. b4 a5 17. bxa5 b4 18. axb4 Nxb4 19. Qb3 Rb8 20. Ra1 Nc6 21.
Qc2 Bb4 22. Rxc6 Bxd2 23. Rd6 Qb5 24. Qxd2 Rfc8 25. h3 Qc4 26. Rb6 Ra8 27. a6
Qc7 28. Qb4 h6 29. Rb7 Qc6 30. Qe7 Rf8 31. a7 Qc3 32. Rab1 Rae8 33. Qc5 Qd3 34.
Rb8 Qa6 35. Rxe8 Rxe8 36. Rb8 Qa1+ 37. Kh2 Qb2 38. Rxb2 1-0

[Event "Toulouse Lardenne op 3th"]
[Site "Toulouse"]
[Date "2015.05.30"]
[Round "3.11"]
[White "Bernot, Octave"]
[Black "Maniveau, Alexandre"]
[Result "1-0"]
[WhiteElo "1409"]
[BlackElo "1793"]
[PlyCount "87"]
[EventDate "2015.??.??"]
[EventCountry "FRA"]

1. d4 Nf6 2. Nf3 d5 3. Bf4 Bg4 4. e3 e6 5. Be2 Bd6 6. Bxd6 cxd6 7. c4 O-O 8.
Qb3 Qc7 9. Nc3 dxc4 10. Qxc4 Qxc4 11. Bxc4 Bxf3 12. gxf3 d5 13. Bb3 Nc6 14. Rc1
Rfd8 15. Ke2 a6 16. Rhd1 Rac8 17. e4 dxe4 18. Nxe4 Nxe4 19. fxe4 Nxd4+ 20. Rxd4
Re8 21. Rxc8 Rxc8 22. Rd7 Rb8 23. f4 b6 24. f5 Re8 25. Ra7 h6 26. Rxa6 exf5 27.
Bd5 fxe4 28. Ke3 b5 29. Ra7 Rf8 30. Rb7 g6 31. Rxb5 Kg7 32. Rb7 Kf6 33. Rxf7+
Rxf7 34. Bxf7 Kxf7 35. Kxe4 Ke6 36. a4 Kd6 37. a5 Kc6 38. b4 Kd7 39. Ke5 Kc7
40. b5 Kb7 41. a6+ Ka7 42. Kf6 g5 43. Kg6 g4 44. Kxh6 1-0

[Event "Toulouse Lardenne op 3th"]
[Site "Toulouse"]
[Date "2015.05.30"]
[Round "3.13"]
[White "Barbu, Andrei"]
[Black "Marni-Sandid, Tarik"]
[Result "1-0"]
[WhiteElo "1350"]
[BlackElo "1758"]
[Annotator "Charruyer, Baptiste"]
[PlyCount "51"]
[EventDate "2015.??.??"]
[EventCountry "FRA"]

1. e4 c5 2. Nf3 e6 3. Nc3 a6 4. d4 cxd4 5. Nxd4 Nc6 6. Bc4 Qc7 7. Be3 b5 8. Bb3
Nf6 9. O-O Bb4 10. Nxc6 Qxc6 11. e5 Bxc3 12. bxc3 Ne4 13. Qg4 Kf8 14. f4 Bb7
15. f5 Qxc3 16. Rae1 h5 17. Qf4 Qc6 18. fxe6 f6 19. Qxe4 Qxe4 20. Bc5+ Ke8 21.
Rxe4 Bxe4 22. exf6 gxf6 23. Rxf6 d6 24. Bxd6 Rd8 25. e7 Ra8 26. Be6 $1 1-0

[Event "Toulouse Lardenne op 3th"]
[Site "Toulouse"]
[Date "2015.05.30"]
[Round "3.16"]
[White "Dautreme, Nausicaa"]
[Black "Cregut, Marian"]
[Result "0-1"]
[WhiteElo "1190"]
[BlackElo "1601"]
[Annotator "Charruyer, Baptiste"]
[PlyCount "58"]
[EventDate "2015.??.??"]
[EventCountry "FRA"]

1. e4 e5 2. Nf3 Nc6 3. Bc4 Bc5 4. O-O Nf6 5. Ng5 O-O 6. d3 d6 7. Nc3 a6 8. Bb3
Qe7 9. Nd5 Nxd5 10. Bxd5 h6 11. Qh5 hxg5 12. Bxg5 Qe8 13. c3 (13. Bf6 $3) 13...
Be6 14. d4 exd4 15. Rad1 dxc3 16. Rd3 f6 17. Bxe6+ Qxe6 18. Bh6 Qe5 19. Qg6 Rf7
20. Rh3 Kf8 21. Bc1 Ke7 22. Rh7 Rg8 23. Bh6 Kf8 24. Bxg7+ Rfxg7 25. Qh6 Qg5 26.
Qxg5 Rxg5 27. Rd1 Rxg2+ 28. Kf1 Rxf2+ 29. Ke1 Rg1# 0-1

[Event "Toulouse Lardenne op 3th"]
[Site "Toulouse"]
[Date "2015.05.30"]
[Round "3.17"]
[White "Mathey, Fannie"]
[Black "Menoux, Yvan"]
[Result "1-0"]
[WhiteElo "1583"]
[BlackElo "1160"]
[Annotator "Charruyer, Baptiste"]
[PlyCount "89"]
[EventDate "2015.??.??"]
[EventCountry "FRA"]

1. e4 c5 2. d4 cxd4 3. c3 d6 4. cxd4 Nf6 5. Nc3 g6 6. Bc4 Bg7 7. Nf3 O-O 8. Bb3
Bg4 9. O-O Nc6 10. h3 Bxf3 11. gxf3 Qb6 12. Be3 Qa5 13. Kh2 e5 14. d5 Nd4 15.
Bxd4 exd4 16. Ne2 Nh5 17. Qd3 Rac8 18. Rh1 Be5+ 19. Kg1 Nf4 20. Nxf4 Bxf4 21.
h4 Rc1+ 22. Rxc1 Bxc1 23. Qxd4 Qe1+ 24. Kg2 Qd2 25. Qxa7 Bxb2 26. Qxb7 Bd4 27.
Rf1 Qf4 28. Qe7 Be5 29. Rh1 Qd2 30. Qg5 Bf4 31. Qg4 Be3 32. Rf1 h5 33. Qd7 Bf4
34. Qb5 Be3 35. a4 Ra8 36. Qc6 Rb8 37. Bc4 Rb6 (37... Rb1 38. Qa8+ Kg7 39. Rxb1
Qxf2+) 38. Qc8+ Kg7 39. Bb5 Qa2 40. Qc7 Qb2 41. Bc6 Qe2 42. Be8 Kf6 43. Qxf7+
Ke5 44. Qg7+ Kf4 45. Qf6# 1-0

[Event "Toulouse Lardenne op 3th  "]
[Site "?"]
[Date "2015.05.31"]
[Round "4.1"]
[White "Grimault, Nathan"]
[Black "Pieri, Pierre-Louis"]
[Result "0-1"]
[WhiteElo "2068"]
[BlackElo "2106"]
[PlyCount "80"]
[EventDate "2015.??.??"]

1. d4 Nf6 2. c4 g6 3. Nc3 d5 4. cxd5 Nxd5 5. e4 Nxc3 6. bxc3 Bg7 7. Bc4 c5 8.
Ne2 Nc6 9. Be3 O-O 10. O-O Bg4 11. f3 Bd7 12. Qd2 Rc8 13. dxc5 Ne5 14. Bd5 Qc7
15. Bd4 e6 16. Bb3 Rfd8 17. Rfd1 Bb5 18. Qe3 Bf8 19. f4 Ng4 20. Qf3 Bxe2 21.
Qxe2 Qxf4 22. g3 Qg5 23. h4 Qh5 24. c6 Rxc6 25. Bxa7 Bc5+ 26. Bxc5 Qxc5+ 27.
Kg2 Ne3+ 28. Kh3 Nxd1 29. Rxd1 Rxd1 30. Qxd1 Qxc3 31. Qd8+ Kg7 32. h5 Qc5 33.
hxg6 hxg6 34. Qd3 Qe5 35. Qe3 Rc3 36. Qe1 Qh5+ 37. Kg2 Qf3+ 38. Kh2 Re3 39.
Qa1+ Kh7 40. Qg1 Qh5+ 0-1

[Event "Toulouse Lardenne op 3th"]
[Site "?"]
[Date "2015.05.31"]
[Round "4.2"]
[White "Relea, Nicolas"]
[Black "Arberet, Quentin"]
[Result "1-0"]
[WhiteElo "2076"]
[BlackElo "1312"]
[PlyCount "81"]
[EventDate "2015.??.??"]

1. e4 e5 2. Nc3 Bc5 3. f4 Nc6 4. Nf3 d6 5. Na4 Nf6 6. Nxc5 dxc5 7. d3 Bg4 8.
Be2 exf4 9. Bxf4 Bxf3 10. Bxf3 Nd4 11. c3 Nxf3+ 12. Qxf3 Qe7 13. O-O O-O-O 14.
Bg5 Rd6 15. Qf5+ Re6 16. e5 Rg8 17. exf6 gxf6 18. Bxf6 Qd6 19. Rae1 Qc6 20. g3
Qd6 21. Bh4 Kb8 22. Rxe6 fxe6 23. Qf4 Qxf4 24. Rxf4 b6 25. Kf2 Kb7 26. Ke3 Kc6
27. Rf7 Rh8 28. Bf6 Rg8 29. Be5 Kd5 30. Kf4 h5 31. Rd7+ Kc6 32. Rxc7+ Kb5 33.
Bf6 Rf8 34. Ke5 Re8 35. Rh7 Kc6 36. Rxh5 Ra8 37. Rh7 a5 38. g4 Rg8 39. g5 Kb5
40. Rh8 Rg6 41. h4 1-0

[Event "Toulouse Lardenne op 3th"]
[Site "?"]
[Date "2015.05.31"]
[Round "4.3"]
[White "Rocheblanc, Irman"]
[Black "Dijon, Frederic"]
[Result "0-1"]
[WhiteElo "1648"]
[BlackElo "2013"]
[PlyCount "50"]
[EventDate "2015.??.??"]

1. e4 Nc6 2. d4 d5 3. e5 Bf5 4. Bb5 Qd7 5. Ne2 h5 6. Bf4 a6 7. Ba4 f6 8. c3 g5
9. Be3 Nh6 10. Bxc6 Qxc6 11. Ng3 O-O-O 12. Qxh5 Bg4 13. Qg6 Rg8 14. Qd3 Be6 15.
h4 Ng4 16. h5 fxe5 17. dxe5 Nxe5 18. Qe2 d4 19. Bxd4 Nf7 20. Nd2 Nh6 21. O-O-O
Rxd4 22. Nf3 Rxd1+ 23. Rxd1 Bxa2 24. Nxg5 Rxg5 25. Qe3 Rc5 0-1

[Event "Toulouse Lardenne op 3th"]
[Site "?"]
[Date "2015.05.31"]
[Round "4.4"]
[White "Cregut, Marian"]
[Black "Marty, Brice"]
[Result "0-1"]
[WhiteElo "1601"]
[BlackElo "2075"]
[PlyCount "36"]
[EventDate "2015.??.??"]

1. e4 c5 2. Nc3 e6 3. g3 d5 4. d3 dxe4 5. Nxe4 Bd7 6. Bg2 Bc6 7. Nf3 c4 8. O-O
cxd3 9. cxd3 Nf6 10. Qe2 Be7 11. Rd1 O-O 12. Ne5 Bd5 13. Bg5 Nfd7 14. Nd6 Bxg5
15. Nexf7 Rxf7 16. Bxd5 exd5 17. Qe6 Qe7 18. Qxd5 Nb6 0-1

[Event "Toulouse Lardenne op 3th"]
[Site "?"]
[Date "2015.05.31"]
[Round "4.5"]
[White "Bartels, Sven"]
[Black "Ferraye, Nicolas"]
[Result "1-0"]
[WhiteElo "1982"]
[BlackElo "1564"]
[PlyCount "57"]
[EventDate "2015.??.??"]

1. b3 d5 2. Bb2 Nf6 3. e3 Bf5 4. f4 e6 5. Nf3 c5 6. Ne5 Nc6 7. Bb5 Rc8 8. O-O
a6 9. Bxc6+ bxc6 10. d3 Be7 11. Nd2 Qb6 12. Qe1 O-O 13. e4 Bg6 14. f5 Bh5 15.
h3 dxe4 16. Ndc4 Qc7 17. dxe4 Nxe4 18. Qxe4 exf5 19. Qxf5 Bg6 20. Nxg6 fxg6 21.
Qe6+ Kh8 22. Rad1 Rfd8 23. Be5 Qb7 24. Rxd8+ Rxd8 25. Rf7 Rg8 26. Rxe7 Qa8 27.
Qf7 Qf8 28. Qxf8 Rxf8 29. Bxg7+ 1-0

[Event "Toulouse Lardenne op 3th"]
[Site "?"]
[Date "2015.05.31"]
[Round "4.9"]
[White "Destic, Elena"]
[Black "Lever, Erwan"]
[Result "0-1"]
[WhiteElo "1474"]
[BlackElo "1831"]
[PlyCount "44"]
[EventDate "2015.??.??"]

1. d4 c5 2. d5 Nf6 3. c4 b5 4. cxb5 a6 5. Nc3 Qa5 6. Bd2 axb5 7. a3 Bb7 8. e3
b4 9. Na2 Qb6 10. axb4 Bxd5 11. bxc5 Qxb2 12. Bc3 Qb3 13. Bxf6 exf6 14. Qxb3
Bxb3 15. Ne2 Rxa2 16. Rb1 Nc6 17. Rxb3 Bxc5 18. Nd4 Nxd4 19. exd4 Bd6 20. g3
Kd8 21. Bg2 Re8+ 22. Re3 Rxe3+ 0-1

[Event "Toulouse Lardenne op 3th"]
[Site "?"]
[Date "2015.05.31"]
[Round "4.10"]
[White "La Spina, Romeo"]
[Black "Di Cerbo, Ciro"]
[Result "1/2-1/2"]
[WhiteElo "1421"]
[BlackElo "1790"]
[PlyCount "55"]
[EventDate "2015.??.??"]

1. d4 d5 2. Bf4 Nf6 3. Nf3 e6 4. e3 c5 5. c4 Be7 6. Nc3 a6 7. Be2 dxc4 8. Bxc4
b5 9. Bd3 O-O 10. Ne4 Nbd7 11. Qc2 c4 12. Nxf6+ Nxf6 13. Be4 Nxe4 14. Qxe4 Ra7
15. Be5 Qa5+ 16. Ke2 Bb7 17. Qg4 g6 18. h4 h5 19. Qf4 f6 20. Qh6 Rf7 21. Qxg6+
Rg7 22. Qe8+ Kh7 23. Qxh5+ Kg8 24. Bf4 Be4 25. Ne1 Qb4 26. Qe8+ Kh7 27. Qh5+
Kg8 28. Qe8+ 1/2-1/2

[Event "Toulouse Lardenne op 3th"]
[Site "?"]
[Date "2015.05.31"]
[Round "4.12"]
[White "Haanappel, Evert"]
[Black "Pommier, Laurent"]
[Result "1-0"]
[WhiteElo "1399"]
[BlackElo "1623"]
[PlyCount "101"]
[EventDate "2015.??.??"]

1. e4 c5 2. Nf3 d6 3. Bb5+ Nd7 4. c3 a6 5. Ba4 b5 6. Bb3 Bb7 7. d3 Ngf6 8. O-O
e6 9. Nbd2 Be7 10. Re1 e5 11. Nf1 O-O 12. Ng3 Bc8 13. Nf5 Nb6 14. N3h4 a5 15.
a4 b4 16. Bg5 Be6 17. Nxe7+ Qxe7 18. Nf5 Bxf5 19. exf5 Nbd7 20. Qf3 Qd8 21. Qg3
Qb8 22. Bh6 Nh5 23. Qg5 Kh8 24. Qxh5 gxh6 25. Qxh6 Qd8 26. Qxd6 bxc3 27. bxc3
Ra7 28. Bc4 Qc7 29. Qh6 f6 30. Be6 Qd6 31. Re3 Qe7 32. Rh3 Nb6 33. Qe3 Na8 34.
f4 Nc7 35. Bc4 Ne8 36. fxe5 fxe5 37. Be6 Qd6 38. Rf1 Nf6 39. Re1 Ng4 40. Qe4
Rg7 41. Rg3 Nf6 42. Qxe5 Qb6 43. Rxg7 Kxg7 44. g4 h6 45. h4 Kh7 46. g5 c4+ 47.
d4 hxg5 48. hxg5 Ng4 49. Qg3 Qb2 50. Qxg4 Qxc3 51. Qh5+ 1-0

[Event "Toulouse Lardenne op 3th"]
[Site "?"]
[Date "2015.05.31"]
[Round "4.13"]
[White "Dubertrand, Bernard"]
[Black "Barbu, Andrei"]
[Result "1/2-1/2"]
[WhiteElo "1633"]
[BlackElo "1350"]
[PlyCount "80"]
[EventDate "2015.??.??"]

1. e4 c5 2. e5 Nc6 3. f4 d6 4. Nf3 Bg4 5. Be2 Qc7 6. exd6 exd6 7. O-O a6 8. Nc3
Nf6 9. Bc4 Be7 10. a3 O-O 11. Qe1 Rad8 12. Nd5 Qd7 13. c3 b5 14. Bb3 c4 15.
Nxf6+ Bxf6 16. Bc2 d5 17. d4 cxd3 18. Bxd3 d4 19. Ne5 Bxe5 20. fxe5 dxc3 21.
Bc2 Qd4+ 22. Kh1 cxb2 23. Bxb2 Qxb2 24. Qe4 g6 25. Qxg4 Qxc2 26. Rac1 Qb2 27.
Rxc6 Qxe5 28. Rxa6 Ra8 29. Rxa8 Rxa8 30. Qf3 Ra7 31. Qb3 Qe2 32. Rb1 Qc4 33.
Qe3 Qa4 34. h3 Qxa3 35. Qe8+ Kg7 36. Qe5+ Kg8 37. Qxb5 Qa5 38. Qb8+ Kg7 39. Rc1
Ra8 40. Qb2+ Kg8 1/2-1/2

[Event "Toulouse Lardenne op 3th"]
[Site "?"]
[Date "2015.05.31"]
[Round "4.22"]
[White "Haefliger, Vincent"]
[Black "Lee, Tao"]
[Result "1-0"]
[WhiteElo "1399"]
[BlackElo "1009"]
[PlyCount "42"]
[EventDate "2015.??.??"]

1. e4 c5 2. c3 e5 3. d4 cxd4 4. cxd4 exd4 5. Nf3 Nf6 6. e5 Ne4 7. Qxd4 Nxf2 8.
Qxf2 Qa5+ 9. Nc3 Bb4 10. Bd2 O-O 11. a3 Bc5 12. Be3 b6 13. b4 Bxb4 14. Rc1
Bxc3+ 15. Bd2 Bxd2+ 16. Qxd2 Bb7 17. Qxa5 bxa5 18. Be2 Bxf3 19. Bxf3 Re8 20.
Bxa8 Rxe5+ 21. Kf2 d5 1-0

[Event "Toulouse Lardenne op 3th"]
[Site "?"]
[Date "2015.05.31"]
[Round "4.23"]
[White "Boyd, Emilie"]
[Black "Grimault, Leane"]
[Result "0-1"]
[WhiteElo "1108"]
[BlackElo "1120"]
[PlyCount "80"]
[EventDate "2015.??.??"]

1. d4 d5 2. Bf4 Nf6 3. Nf3 Bf5 4. e3 Nc6 5. Bb5 e6 6. O-O Bb4 7. c3 Ba5 8. b4
Bb6 9. Qa4 O-O 10. Ne5 Ne7 11. Nd2 c6 12. Be2 Qc8 13. Qd1 Rd8 14. Bh5 Nxh5 15.
Qxh5 Ng6 16. Nef3 e5 17. Bxe5 Bg4 18. Qg5 Re8 19. e4 Bd8 20. Qe3 Qe6 21. h3 Bh5
22. Ng5 Qe7 23. Rab1 Qxg5 24. Qxg5 Bxg5 25. Nf3 Be7 26. g4 Bxg4 27. hxg4 Nh4
28. Nxh4 Bxh4 29. f4 Re6 30. f5 Rh6 31. Bf4 g5 32. Be5 f6 33. Bh2 Re8 34. Kg2
Rxe4 35. Bg3 Bxg3 36. Kxg3 Re3+ 37. Kf2 Rhh3 38. Rh1 Rhg3 39. Rbe1 Ref3+ 40.
Ke2 Rxc3 0-1

[Event "Toulouse Lardenne op 3th"]
[Site "Toulouse"]
[Date "2015.05.31"]
[Round "4.24"]
[White "Grimault, Stephanie"]
[Black "Page, Christian"]
[Result "1-0"]
[WhiteElo "1320"]
[BlackElo "1399"]
[PlyCount "71"]
[EventDate "2015.??.??"]
[EventCountry "FRA"]

1. d4 d6 2. c3 Nc6 3. Bf4 Nf6 4. Nf3 g6 5. Nbd2 Bg7 6. e3 O-O 7. Bd3 Bf5 8.
Bxf5 gxf5 9. O-O Qd7 10. Qb3 b6 11. Rfe1 e6 12. Rac1 a5 13. h3 Ne4 14. Nxe4
fxe4 15. Nd2 d5 16. c4 Nb4 17. cxd5 exd5 18. Rxc7 Qf5 19. Bg3 Rac8 20. Rf1 Qh5
21. f3 Rxc7 22. Bxc7 Qh6 23. Bf4 Qc6 24. a3 Nd3 25. Bg3 a4 26. Qc3 Qxc3 27.
bxc3 b5 28. fxe4 dxe4 29. Nxe4 Kh8 30. Nd6 f6 31. Nxb5 Bh6 32. Bf4 Bxf4 33.
exf4 Re8 34. Nd6 Rd8 35. Nf7+ Kg7 36. Nxd8 1-0

[Event "Toulouse Lardenne op 3th"]
[Site "?"]
[Date "2015.05.31"]
[Round "5.9"]
[White "Duquesne, Julien"]
[Black "Di Cerbo, Ciro"]
[Result "1/2-1/2"]
[WhiteElo "1888"]
[BlackElo "1790"]
[PlyCount "71"]
[EventDate "2015.??.??"]

1. e4 c5 2. c3 d5 3. exd5 Qxd5 4. d4 cxd4 5. cxd4 Nc6 6. Nf3 e6 7. Nc3 Qd8 8.
Bc4 Nf6 9. O-O Be7 10. Be3 O-O 11. Rc1 Qa5 12. Qe2 Bd7 13. Rfd1 Rfd8 14. d5
exd5 15. Nxd5 Nxd5 16. Rxd5 Qc7 17. Rdd1 Qa5 18. Bd5 Bf6 19. Qc4 Be8 20. Bf4
Rac8 21. Qb3 b5 22. Re1 Nd4 23. Nxd4 Rxc1 24. Rxc1 Bxd4 25. Rd1 Qb6 26. Bg3 a6
27. Rc1 Qf6 28. Rc2 Qf5 29. Bf3 Bd7 30. Rd2 Qf6 31. Qc2 Bf5 32. Qd1 Bb6 33.
Rxd8+ Bxd8 34. Be5 Qe7 35. h3 h6 36. Bf4 1/2-1/2

[Event "Toulouse Lardenne op 3th"]
[Site "?"]
[Date "2015.05.31"]
[Round "5.11"]
[White "Domeneghetty, Quentin"]
[Black "Tatti, Guillaume"]
[Result "1/2-1/2"]
[WhiteElo "1426"]
[BlackElo "1813"]
[PlyCount "67"]
[EventDate "2015.??.??"]

1. d4 e6 2. c4 Nf6 3. Nf3 Bb4+ 4. Bd2 Qe7 5. a3 Bxd2+ 6. Nbxd2 d6 7. e3 O-O 8.
Bd3 e5 9. Qb1 Nc6 10. O-O a5 11. Re1 Bg4 12. Bc2 h6 13. h3 Bxf3 14. Nxf3 e4 15.
Nd2 Rfe8 16. Ba4 d5 17. cxd5 Nxd5 18. Rc1 Kh8 19. Rxc6 bxc6 20. Bxc6 Rad8 21.
Bxe8 Rxe8 22. Qc2 f5 23. Nc4 Qf6 24. Nxa5 f4 25. Nc4 fxe3 26. fxe3 Qg5 27. Qe2
Rb8 28. Re1 Rb3 29. Qc2 Nxe3 30. Nxe3 Rxe3 31. Rxe3 Qxe3+ 32. Qf2 Qc1+ 33. Qf1
Qe3+ 34. Qf2 1/2-1/2

[Event "Toulouse Lardenne op 3th"]
[Site "?"]
[Date "2015.05.31"]
[Round "5.13"]
[White "Bernot, Octave"]
[Black "Marni-Sandid, Tarik"]
[Result "0-1"]
[WhiteElo "1409"]
[BlackElo "1758"]
[PlyCount "78"]
[EventDate "2015.??.??"]

1. d4 Nf6 2. Nf3 c5 3. Bf4 cxd4 4. Qxd4 Nc6 5. Qd2 Qb6 6. b3 d6 7. e3 e5 8. Bg3
Ne4 9. Qd3 Nxg3 10. hxg3 g6 11. Qb5 Qc7 12. Nc3 Bg7 13. O-O-O Be6 14. Ng5 a6
15. Nxe6 fxe6 16. Qc4 d5 17. Qg4 Nd8 18. Ne2 Rc8 19. Rd2 Qa5 20. f3 (20. Rxh7
Rxh7 21. Qxg6+) 20... Qxa2 21. c3 Qa1+ 22. Kc2 d4 (22... e4 23. Rd4 Bxd4) 23.
exd4 exd4 24. c4 Qa2+ 25. Kd1 Qxb3+ 26. Ke1 Rxc4 27. Nxd4 Qe3+ 28. Kd1 Rxd4 29.
Rxd4 Qxd4+ 30. Qxd4 Bxd4 31. Bc4 b5 32. Bb3 a5 33. Kd2 a4 34. Bc2 a3 35. Bb3
O-O 36. Rc1 b4 37. Rc7 Bc3+ 38. Kc2 Rf7 39. Rc8 Rd7 0-1

[Event "Toulouse Lardenne op 3th"]
[Site "?"]
[Date "2015.05.31"]
[Round "5.15"]
[White "Page, Soline"]
[Black "Dubertrand, Bernard"]
[Result "0-1"]
[WhiteElo "1403"]
[BlackElo "1633"]
[PlyCount "68"]
[EventDate "2015.??.??"]

1. e4 e5 2. Nf3 Nc6 3. Bc4 Nf6 4. Nc3 Bc5 5. d3 O-O 6. Bg5 h6 7. Bh4 g5 8. Bg3
d6 9. h3 Nh5 10. Bh2 Nf4 11. Bxf4 exf4 12. d4 Bb4 13. a3 Ba5 14. b4 Bb6 15. e5
Re8 16. O-O dxe5 17. dxe5 Nxe5 18. Nxe5 Qxd1 19. Raxd1 Rxe5 20. Rfe1 Rxe1+ 21.
Rxe1 Bf5 22. Bb3 Bd4 23. Nd5 Kg7 24. Nxc7 Rc8 25. Nb5 Rd8 26. Re7 Bb6 27. Rxf7+
Kg6 28. Re7 Rd1+ 29. Kh2 Bxf2 30. g4 fxg3+ 31. Kg2 g4 32. hxg4 Bxg4 33. Re6+
Kg5 34. Re5+ Kh4 0-1

[Event "Toulouse Lardenne op 3th"]
[Site "?"]
[Date "2015.05.31"]
[Round "5.16"]
[White "Pommier, Laurent"]
[Black "Destic, Elena"]
[Result "1-0"]
[WhiteElo "1623"]
[BlackElo "1474"]
[PlyCount "63"]
[EventDate "2015.??.??"]

1. e4 c5 2. Nf3 Nc6 3. c3 g6 4. d4 cxd4 5. cxd4 Bg7 6. e5 d6 7. Bf4 dxe5 8.
Nxe5 Qxd4 9. Qxd4 Nxd4 10. Na3 Nf6 11. Rd1 Nf5 12. Bb5+ Bd7 13. Nxd7 Nxd7 14.
Bxd7+ Kf8 15. Bxf5 Bxb2 16. Bc1 Bc3+ 17. Bd2 Bxd2+ 18. Rxd2 gxf5 19. O-O e6 20.
Rd7 b6 21. Rfd1 Kg7 22. Nc4 Kf6 23. f4 Rhe8 24. Ne5 Rf8 25. Rc7 Kg7 26. Rdd7
Rfd8 27. Rxf7+ Kg8 28. Rg7+ Kh8 29. Rxh7+ Kg8 30. Rhg7+ Kf8 31. Ng6+ Ke8 32.
Rg8# 1-0

[Event "Toulouse Lardenne op 3th"]
[Site "?"]
[Date "2015.05.31"]
[Round "5.21"]
[White "Antao, Amory"]
[Black "Grimault, Lou"]
[Result "1/2-1/2"]
[WhiteElo "1201"]
[BlackElo "1309"]
[PlyCount "128"]
[EventDate "2015.??.??"]

1. e4 e6 2. d4 d5 3. e5 c5 4. Nf3 Nc6 5. c3 Bd7 6. Bb5 Qb6 7. Bxc6 Bxc6 8. Qb3
Qxb3 9. axb3 cxd4 10. Nxd4 Bd7 11. O-O f6 12. Bf4 g5 13. Bg3 Bg7 14. exf6 Nxf6
15. Re1 Kf7 16. c4 Ne4 17. Nc2 Nxg3 18. fxg3 Bxb2 19. Ra5 b6 20. Ra2 Bg7 21.
cxd5 exd5 22. Nb4 Be6 23. Rf2+ Ke7 24. Nxd5+ Kd6 25. Ne3 Rhf8 26. Rd2+ Kc6 27.
Rd3 Rad8 28. Rc1+ Kb7 29. Rcd1 Rxd3 30. Rxd3 Ka6 31. Nd2 Kb5 32. Rd6 Re8 33.
Nec4 Bf8 34. Rd4 Bc5 35. Nd6+ Ka6 (35... Kc6 36. Nxe8 Bxd4+ 37. Kf1 Bf7) 36.
Nxe8 Bxd4+ 37. Kf1 Ka5 38. Ke2 Kb4 39. Kd3 Bc3 40. Nc7 Bxd2 41. Nxe6 Bc1 42.
Kc2 Be3 43. h3 a5 44. g4 a4 45. bxa4 Kxa4 46. Kb1 b5 47. Nf8 h6 48. Nd7 Ka3 49.
Nf6 Bd4 50. Ng8 Bg7 51. Ne7 b4 52. Nf5 Bf8 53. Ne3 b3 54. Nc4+ Kb4 55. Nd2 Bg7
56. Ne4 b2 57. Ng3 Kc3 58. Nf5 Bf8 59. Ne3 Kd3 60. Nf5 Ke2 61. h4 gxh4 62. Nxh4
Kf2 63. Kxb2 Kg3 64. Nf5+ Kxg4 1/2-1/2